000 01407nam a22002297a 4500
999 _c62121
_d62121
003 Ge_BSU
005 20240717111816.0
008 240717s2019 ge ||||| |||| 00| 0 geo d
020 _a9789941304866
041 _ageo
080 _a341.217(4) ა-74
100 _aაშერვუდი, საიმონ
_eავტორი.
_922847
245 _aევროკავშირი :
_b ძალიან მოკლე შესავალი /
_cსაიმონ აშერვუდი და ჯონ პინდერი ; მთარგმ. ეკატერინე სუმბათაშვილი ; სამეცნიერო რედ.გელა მერაბიშვილი ; რედაქტორი ანა ჭაბაშვილი ; დიზაინერი ია მახათაძე.
264 _aთბილისი :
_bბაკურ სულაკაურის გამომცემლობა,
_c2019.
300 _a250 გვ. :
_bდიაგრ. ;
_c17 სმ.
501 _aსაძიებელი: გვ. 242-250.
653 _aევროკავშირი
653 _aსამართალი
700 _aპინდერი, ჯონ
_922848
700 _aსუმბათაშვილი, ეკატერინე
_eმთარგმნელი და სხვ.
_9260
942 _2udc
_cBK